00935nam a22002417a 450000500170000001000130001702000230003003500130005303700170006604000120008308200130009510000280010824502180013625000110035426000510036527000410041630000260045765000190048365000260050294200220052899900190055095201240056920170124105933.0 aA-858954 c180.00a8186651195 aA-858954 bCen Lib/ Ret aDPLbEN a954bPAT aPattanaik, Mira 991511 aDGP complete course to Indain histiory :cby Mira Pattanaikbfor central civil services ( preliminary examiation), state civil services examination, profesional & entrance examination ov various board/university / a4th ed aNew DelhibDhillon Group of Publicationsc1999 aE-12 Nehru Place bNew Delhie110019 aviii, 288p.c23cm(Hb) aHistory991512 aIndian History991513 2ddccENh954mPAT c124018d124018 00104070aLbLd2015-06-13eCen Lib/Retg180.00l0o954 PATpA-858954r2015-06-13 00:00:00t1v180.00w2015-06-13yEN